Najczęściej zgadywane stany USA - Statystyki

Ogólne statystyki
  • Ten quiz został rozwiązany 141 razy
  • Średni wynik to 7 z 10
Statystyki odpowiedzi
% Stan % Poprawnych
87% Kalifornia
94%
86% Teksas
91%
81% Waszyngton
89%
83% Nowy Jork
88%
79% Floryda
84%
86% Alaska
75%
67% Hawaje
64%
58% Nowy Meksyk
63%
62% Karolina Północna
49%
60% Karolina Południowa
47%
Nie znaleziono quizów pasujących do podanych kryteriów
Rozkład punktacji
Procent ludzi z każdym wynikiem
Percentyl według liczby udzielonych odpowiedzi
Twoja historia wyników
Nie rozwiązałeś tego quizu